Základní kurs současné čínštiny. Díl 3 /

Main Author: Vochala, Jaromír, 1927-
Other Authors: Vochalová, Žu-čen, 1934-1998
Language: Chinese
Czech
Published: Praha : SPN, 1980
Edition: 1. vyd.
Physical Description: 190 s.
Book
Saved in:
LEADER 00792nam a22002412a 4500
001 000411912
003 CZ BrMZK
005 19990307143423.0
008 990307s1980 xr f cze d
015 |a cnb000405536 
035 |a (OCoLC)42169781 
040 |a BOA001  |b cze 
041 1 |a cze  |a chi 
100 1 |a Vochala, Jaromír,  |d 1927-  |7 jk01150312 
245 1 0 |a Základní kurs současné čínštiny.  |n Díl 3 /  |c Jaromír Vochala, Žu-čen Vochalová 
250 |a 1. vyd. 
260 |a Praha :  |b SPN,  |c 1980 
300 |a 190 s. 
700 1 |a Vochalová, Žu-čen,  |d 1934-1998  |7 jk01150314 
910 |a BOA001  |b PK-N-0022.219,3 
964 |a Čínština - texty vysokoškolské 
990 |a BK 
996 7 |b 3119823586  |c PK-N-0022.219/3  |l MZK  |r Sklad / do 1 hodiny  |n 2  |w 000411912  |u 000010  |a 1  |e BOA001  |j MZK50  |s A